Cyclisme - Français le mieux classé au tour de france depuis 2010 - Statistiques

Statistiques générales
  • Ce quiz a été pris 1 436 fois
    495 depuis la dernière actualisation
  • Le résultat moyen est 13 sur 16
Statistiques - réponses
Année Classement Réponse % Correct
2013 15e Romain Bardet
98%
2015 9e Romain Bardet
98%
2016 2e Romain Bardet
98%
2017 3e Romain Bardet
98%
2018 6e Romain Bardet
98%
2019 5e Juilan Alaphilippe
92%
2025 7e Kévin Vauquelin
92%
2022 4e David Gaudu
86%
2023 9e David Gaudu
86%
2020 11e Guillaume Martin
83%
2021 8e Guillaume Martin
83%
2024 13e Guillaume Martin
83%
2011 4e Thomas Voeckler
76%
2014 2e Jean-Christophe Peraud
60%
2012 8e Pierre Rolland
57%
2010 18e John Gadret
11%
Aucun quiz correspondant
Distribution des résultats
% des personnes avec chaque résultat
Percentile par nombre de réponses
Votre historique - résultats
Vous n’avez pas pris ce quiz depuis la dernière actualisation